000 00585nam a2200169 i 4500
001 25137
003 ES-MaACL
005 20230906153211.0
007 t|
008 021220s1928 sp ||||1| spa d
100 1 _aArcaya, Alejandro de.
_922441
245 1 4 _aUnas observaciones al Dr. Lafora acerca de su estudio "Milagros curativos laicos y religiosos" /
_cAlejandro de Arcaya.
260 _aVitoria :
_bMontepĂ­o Diocesano,
_c1928.
300 _a66 p. ;
_c21 cm.
500 _aPublicaciones de Gymnasium, revista del Seminario Conciliar de Vitoria.
852 _aES-MaACL
_j1734-F-9
999 _c25137
_d25137